| 000 | 01238cad a22002055a 4500 | ||
|---|---|---|---|
| 001 | L153459 | ||
| 008 | 110729s2011 xxk f 000 0 eng d | ||
| 035 | _a(Sirsi) u153459 | ||
| 041 | 0 | _aeng | |
| 110 | 2 |
_aUnited Kingdom _bDepartment for Communities and Local Government _94939 |
|
| 245 | 0 | 0 |
_aLand use change statistics in England _b2010 provisional estimates |
| 260 | _c2011 | ||
| 490 | 0 |
_aDCLG Planning Statistical Release _vJuly 2011 |
|
| 520 | _aIn 2010 on a provisional estimate, 76 per cent of dwellings (including conversions) were built on previously-developed land, a decrease from 80 per cent in 2009, new dwellings were built at an average density of 43 dwellings per hectare, an increase from 41 dwellings per hectare in 2009 and 9 per cent of dwellings were built within areas of high flood risk (a decrease from 11 per cent in 2009) and 5 per cent of land changing to residential use was within areas of high flood risk (a decrease from 6 per cent in 2009). | ||
| 590 | _aKA NTK | ||
| 651 | 4 |
_aEngland _y886- |
|
| 690 | _aPROPERTY-PROPERTY ACQUISITION AND DISPOSAL | ||
| 856 | 4 | 0 |
_uhttps://www.communities.gov.uk/documents/statistics/pdf/1955706.pdf _zView the item free of charge at www.communities.gov.uk |
| 942 | _n0 | ||
| 999 |
_c83301 _d83301 |
||